| 000 | 00492nam a2200193Ia 4500 | ||
|---|---|---|---|
| 005 | 20250423095836.0 | ||
| 008 | 250422s9999 xx 000 0 und d | ||
| 020 | _a0-201-52318-8 | ||
| 050 | _aTK 454 .N54/ | ||
| 100 | _aJames W. Nilsson | ||
| 245 | 0 | _aIntroduction to pspice : a supplent to electric circuits | |
| 250 | _a4 | ||
| 260 | _aNew York | ||
| 260 | _bAddison- Wesley Publishing Company | ||
| 260 | _c1993 | ||
| 300 | _a153 p | ||
| 650 | _aElectric Circuits | ||
| 942 | _cBK | ||
| 999 |
_c31496 _d31496 |
||